Problémy cudzorodých látok v požívatinách
Klasifikácia cudzorodých látok. Cudzorodé látky v poživatinách.
Uložené v:
| Hlavný autor: | |
|---|---|
| Ďalší autori: | |
| Médium: | Kapitola |
| Jazyk: | Slovak |
| Predmet: | |
| Tagy: |
Žiadne tagy, Buďte prvý, kto otaguje tento záznam!
|
MARC
| LEADER | 00000naa a2200000 4500 | ||
|---|---|---|---|
| 001 | 0152981 | ||
| 005 | 20230116100547.2 | ||
| 041 | 0 | |a slo | |
| 044 | |a SK | ||
| 245 | 1 | 0 | |a Problémy cudzorodých látok v požívatinách |c Alexander Jaloviar, Vojtech Kollár |
| 520 | |a Klasifikácia cudzorodých látok. Cudzorodé látky v poživatinách. | ||
| 610 | 2 | 0 | |a kvalita tovaru |
| 610 | 2 | 0 | |a tovaroznalectvo |
| 610 | 2 | 0 | |a látky chemické |
| 610 | 2 | 0 | |a požívatiny |
| 100 | 1 | |a Jaloviar, Alexander | |
| 700 | 1 | |a Kollár, Vojtech | |